Library Logo

A Bibliography in economics for the Oxford honour school of philosophy / (Record no. 119597)

000 -LEADER
fixed length control field 00651cas a2200217u 4500
001 - CONTROL NUMBER
control field 10877990
003 - CONTROL NUMBER IDENTIFIER
control field BD-DhUL
005 - DATE AND TIME OF LATEST TRANSACTION
control field 20161103145837.0
008 - FIXED-LENGTH DATA ELEMENTS--GENERAL INFORMATION
fixed length control field 900721s1957 xxk u 0 0 0eng
010 ## - LIBRARY OF CONGRESS CONTROL NUMBER
LC control number 52024151
040 ## - CATALOGING SOURCE
Transcribing agency BD-DhUL
Modifying agency BD-DhUL
050 00 - LIBRARY OF CONGRESS CALL NUMBER
Classification number Z7164.E2
Item number B52
082 ## - DEWEY DECIMAL CLASSIFICATION NUMBER
Classification number 016.33
Item number BIB
245 02 - TITLE STATEMENT
Title A Bibliography in economics for the Oxford honour school of philosophy /
260 ## - PUBLICATION, DISTRIBUTION, ETC. (IMPRINT)
Place of publication, distribution, etc. Oxford :
Name of publisher, distributor, etc. Oxford University Press ,
Date of publication, distribution, etc. 1957.
300 ## - PHYSICAL DESCRIPTION
Extent v.;
Dimensions 22 cm.
310 ## - CURRENT PUBLICATION FREQUENCY
Current publication frequency Unknown
650 #0 - SUBJECT ADDED ENTRY--TOPICAL TERM
Topical term or geographic name as entry element Economics
Form subdivision Bibliography.
710 1# - ADDED ENTRY--CORPORATE NAME
Corporate name or jurisdiction name as entry element Oxford.
Subordinate unit University.
-- Faculty of Social Studies. [from old catalog]
942 ## - ADDED ENTRY ELEMENTS (KOHA)
Source of classification or shelving scheme
Koha item type Books
Holdings
Price effective from Date last seen Permanent Location Not for loan Date acquired Source of classification or shelving scheme Koha item type Lost status Withdrawn status Source of acquisition Collection code Damaged status Shelving location Barcode Current Location Full call number
2016-11-032016-11-03Dhaka University Library 2016-11-03 Books  purchasedNon Fiction General StacksA3251Dhaka University Library016.33 BIB
Last Updated on September 15, 2019
© Dhaka University Library. All Rights Reserved|Staff Login